00379 a2200133 450000500170000002000180001708200160003510000170005124500380006825000120010626000340011830000730015270000200022520250415084925.0 a0-471-19121-3 a657.046 KIE aKIESO, D. E. aIntermediate Accounting: Volume 1 a9th Ed. aNew York,bJohn Wiley,c1998. axxix, 763p.: ill.; table.bBibliographical references, index.c29cm. aWEYGANDT, J. J.